| 000 | 00677nam a22002177a 4500 | ||
|---|---|---|---|
| 003 | LK-CoMWRAF | ||
| 005 | 20231107231052.0 | ||
| 008 | 230831b1997 |||||||| |||| 00| 0 eng d | ||
| 020 | _a9559102141 | ||
| 040 |
_aLK-CoMWRAF _dLK-CoMWRAF _eLK-CoMWRAF |
||
| 041 | _aeng | ||
| 082 |
_a301.085 _b MAT |
||
| 245 |
_aMatters of violence: _bReflection on social and political violence in Sri Lanka |
||
| 260 |
_aColombo: _bSocial Scientists' Association, _c1997 |
||
| 300 |
_a156 p. ; 23 cm. _bBibliography included |
||
| 650 | _aVIOLENCE-Sri Lanka | ||
| 650 | _aSocial conditions-Sri Lanka | ||
| 700 |
_aUyangoda, Jayadeva _eed. |
||
| 700 |
_aBiyanwila, Janaka _eed. |
||
| 942 | _cBK | ||
| 999 |
_c3332 _d3332 |
||